Astro poeti sprievodca znameniami zverokruhu

Bibliographic Details
Main Authors: Dimitrov, Alex (Author), Lasky, Dorothea (Author)
Other Authors: Pochylý, Marián, 1955- (Translator)
Format: Book
Language:Slovak
English
PhysicalDescription:326 strán 22 cm
Published: Bratislava Ikar, a.s. - Ajna 2020
ISBN:9788055174952
Edition:Prvé vydanie
Subjects:

MARC

LEADER 00000cam a2200000 4500
001 vtls012005684
003 SK-MaSNL
005 20260302094126.0
008 220509s2020 xo a erf 010 0dslo
015 |a SNBA2021/06 
020 |a 9788055174952  |q (viazané) 
035 |a urn:nbn:sk:snk-am00gkzh 
035 |a urn:nbn:sk:snk-am3j7jx 
035 |a 1E489B7A-175E-4B23-BEC1-970B0295D0A8 
040 |a SNK  |b slo  |c SNK  |e rda 
041 1 |a slo  |h eng 
044 |a xo  |c SK 
072 7 |a 133  |x Ezoterizmus. Okultizmus  |2 konspekt 
080 |a 133.52  |2 2011 
080 |a 133.522.2  |2 2011 
080 |a 316.472.4  |2 2011 
080 |a (035)  |2 2011 
100 1 |a Dimitrov, Alex  |4 aut  |9 765688 
240 1 0 |a Astro poets: your guides to the zodiak  |l Slovensky 
245 1 0 |a Astro poeti  |b sprievodca znameniami zverokruhu  |c Alex Dimitrov a Dorothea Lasky 
246 3 0 |a Sprievodca znameniami zverokruhu 
250 |a Prvé vydanie 
264 1 |a Bratislava  |b Ikar, a.s. - Ajna  |c 2020 
300 |a 326 strán  |c 22 cm 
336 |a text  |b txt  |2 rdacontent 
337 |a bez média  |b n  |2 rdamedia 
338 |a zväzok  |b nc  |2 rdacarrier 
500 |a Preložené z angličtiny 
500 |a Obsahuje stručné biografické údaje o autoroch 
650 0 7 |a astrológia  |2 SNKPH  |9 2077 
650 0 7 |a zverokruh  |2 SNKPH  |9 49808 
650 0 7 |a interpersonálne vzťahy  |2 SNKPH  |9 3770 
650 0 7 |a Astrology  |2 SNKPHeng  |9 317785 
650 0 7 |a Zodiac  |2 SNKPHeng  |9 317784 
650 0 7 |a Interpersonal relations  |2 SNKPHeng  |9 278058 
655 7 |a príručky  |2 SNKPH  |9 74364 
655 7 |a Handbooks, manuals, etc.  |2 SNKPHeng  |9 90964 
700 1 |a Lasky, Dorothea  |4 aut  |9 765689 
700 1 |a Pochylý, Marián,  |d 1955-  |4 trl  |9 132127 
852 |a Štátna vedecká knižnica v Banskej Bystrici 
919 |a 978-80-551-7495-2 
958 |a OP 
968 |b ENG 
999 |c 1211921  |d 1213851 
952 |a SNK  |b SNK  |y PREZ  |7 0  |p 17A1450064  |o snkSC 191753  |i snk2021/1196  |8 0  |0 0  |1 0  |4 0  |d 2021-03-01  |f 1  |l 0  |r 2025-10-08 00:00:00  |w 2026-02-24 
952 |a SNK  |b SNK  |y VYP  |7 0  |p 17A1450065  |o snkSC 191753 D1  |i snk2021/1197  |8 0  |0 0  |1 0  |4 0  |d 2021-03-01  |l 0  |r 2026-02-24 23:16:03  |w 2026-02-24